[Event "Bayernliga U20 1314"]
[Site "Bayern"]
[Date "2013.11.30"]
[Round "3.3"]
[White "Leeb, Simon"]
[Black "Haller, Karl"]
[Result "1-0"]
[WhiteElo "2093"]
[BlackElo "1656"]
[PlyCount "43"]
[EventDate "2013.11.16"]
[EventType "team-tourn"]
[EventRounds "7"]
[EventCountry "GER"]
[SourceTitle "EXT 2022"]
[Source "ChessBase"]
[SourceDate "2021.10.06"]
[SourceVersion "1"]
[SourceVersionDate "2021.10.06"]
[SourceQuality "1"]
[WhiteTeam "Muenchen Suedost SK U20"]
[BlackTeam "Amberg SGS U20"]
[WhiteTeamCountry "GER"]
[BlackTeamCountry "GER"]

1. d4 g6 2. c4 Bg7 3. Nc3 d6 4. e4 Nd7 5. Nf3 Ngf6 6. Bg5 0-0 7. Be2 Re8 8. e5 dxe5 9. dxe5 Ng4 10. e6 Ndf6 11. exf7+ Kxf7 12. Qb3 c6 13. h3 Nh6 14. c5+ Kf8 15. 0-0 Qc7 16. Bc4 Nd7 17. Ne4 Ne5 18. Bf4 Nf5 19. Neg5 Nxf3+ 20. Qxf3 e5 21. Nxh7+ Ke7 22. Bg5+ 1-0

[Event "Landesliga U20 Nord 1112"]
[Site "Bayern"]
[Date "2012.01.21"]
[Round "4.3"]
[White "Schulz, Lukas"]
[Black "Haller, Karl"]
[Result "1-0"]
[WhiteElo "1845"]
[BlackElo "1612"]
[PlyCount "145"]
[EventDate "2011.11.12"]
[EventType "team-tourn"]
[EventRounds "7"]
[EventCountry "GER"]
[SourceTitle "EXT 2022"]
[Source "ChessBase"]
[SourceDate "2021.10.06"]
[SourceVersion "1"]
[SourceVersionDate "2021.10.06"]
[SourceQuality "1"]
[WhiteTeam "Hoechstadt SC U20"]
[BlackTeam "Amberg SGS U20"]
[WhiteTeamCountry "GER"]
[BlackTeamCountry "GER"]

1. e4 e6 2. d4 d5 3. exd5 exd5 4. Bd3 c6 5. c3 Bd6 6. Be3 Nf6 7. Nd2 Be6 8. Qc2 Nbd7 9. Ngf3 Qc7 10. 0-0 0-0 11. Rae1 h6 12. Re2 Rae8 13. Rfe1 Ng4 14. Nf1 Nxe3 15. fxe3 Nf6 16. N3d2 Nh5 17. e4 Nf4 18. Re3 Nxd3 19. Qxd3 Bf4 20. R3e2 Qd8 21. Qf3 Qg5 22. h4 Qg4 23. exd5 Qxf3 24. Nxf3 cxd5 25. Ne3 Bg3 26. Rd1 Rd8 27. Nf1 Bf4 28. g3 Bd6 29. Kg2 Rfe8 30. Rde1 Bd7 31. Ne5 Bb5 32. Re3 f6 33. Nd3 Rxe3 34. Rxe3 Re8 35. Rxe8+ Bxe8 36. Ne3 Bg6 37. Nf2 Bf7 38. Nf5 Bf8 39. Nd3 g6 40. Ne3 Bd6 41. Nf4 Bxf4 42. gxf4 Be6 43. b3 b5 44. Nc2 a5 45. Kf3 Bf5 46. Ne1 Kf7 47. Ke3 Ke7 48. Nf3 Bb1 49. a3 Bc2 50. Nd2 a4 51. bxa4 Bxa4 52. Nf1 Bd1 53. Ng3 Bg4 54. Nh1 Kd6 55. Nf2 Bf5 56. Nd1 Bc2 57. Nf2 Bf5 58. Kd2 Kc6 59. Nd1 Kb6 60. Ne3 Be6 61. Kc2 Ka5 62. Kb3 Bf7 63. Ng4 f5 64. Ne5 Be8 65. Ka2 h5 66. Kb2 Ka4 67. Ka2 Ka5 68. Kb3 Kb6 69. Kb4 Ka6 70. Kc5 Ka5 71. Kxd5 Ka4 72. Kc5 Kxa3 73. d5 1-0

[Event "Nittenau-ch 10th"]
[Site "Nittenau"]
[Date "2010.09.19"]
[Round "5"]
[White "Riedl, Maximilian"]
[Black "Haller, Karl"]
[Result "1/2-1/2"]
[WhiteElo "1869"]
[BlackElo "1533"]
[PlyCount "41"]
[EventDate "2010.09.17"]
[EventType "swiss"]
[EventRounds "5"]
[EventCountry "GER"]
[SourceTitle "EXT 2022"]
[Source "ChessBase"]
[SourceDate "2021.10.06"]
[SourceVersion "1"]
[SourceVersionDate "2021.10.06"]
[SourceQuality "1"]

1. d4 Nf6 2. Bg5 Ne4 3. h4 d5 4. Bf4 c5 5. f3 Nf6 6. Be5 Nc6 7. Bxf6 gxf6 8. e3 cxd4 9. exd4 Qb6 10. Nc3 e6 11. Bb5 Bd6 12. Nge2 Rg8 13. g4 a6 14. Bxc6+ bxc6 15. Qd3 Rg7 16. g5 f5 17. Kd2 c5 18. Rhe1 c4 19. Qe3 Qc7 20. Nxd5 Qa5+ 21. Nec3 1/2-1/2

[Event "Nittenau-ch 10th"]
[Site "Nittenau"]
[Date "2010.09.18"]
[Round "2"]
[White "Haller, Karl"]
[Black "Erhard, Walter"]
[Result "1-0"]
[WhiteElo "1533"]
[BlackElo "1313"]
[PlyCount "63"]
[EventDate "2010.09.17"]
[EventType "swiss"]
[EventRounds "5"]
[EventCountry "GER"]
[SourceTitle "EXT 2022"]
[Source "ChessBase"]
[SourceDate "2021.10.06"]
[SourceVersion "1"]
[SourceVersionDate "2021.10.06"]
[SourceQuality "1"]

1. d4 d5 2. c4 Nf6 3. Nc3 e6 4. Bg5 Be7 5. e3 Nbd7 6. Nf3 a6 7. Qb3 dxc4 8. Bxc4 0-0 9. 0-0 Re8 10. Rad1 b5 11. Bd3 Bb7 12. Qc2 Nf8 13. Ne5 Nd5 14. Bxe7 Qxe7 15. Nxd5 Bxd5 16. e4 Bb7 17. Rc1 Rac8 18. Qc5 Qxc5 19. Rxc5 Re7 20. a4 Nd7 21. Nxd7 Rxd7 22. axb5 Rxd4 23. bxa6 Bxe4 24. Bxe4 Rxe4 25. Ra1 g6 26. g3 Rd4 27. a7 Rdd8 28. b4 Kf8 29. b5 Ke8 30. b6 cxb6 31. Rxc8 Rxc8 32. a8Q 1-0